000 00404nam a2200169Ia 4500
008 230524s9999 xx 000 0 und d
020 _a9780070083073
082 _a658
_bGUR
100 _aS.Gurusamy
245 0 _a"Banking Theory, Law and Practice"
250 _a2ND
260 _aNEW DELHI
_bTMH
_c2009
300 _aXII;345
500 _aQuantity Number: 2
650 _aManagement
942 _cBK
999 _c45709
_d45709